Životopis A.I. Dobrianskeho

Bibliographic Details
Main Author: Sekey, Michal, 1886-1965 (Author)
Format: Book
Language:Slovak
PhysicalDescription:92 strán ilustrácie, portréty 20 cm
Published: V Michalovciach Oslavný výbor 1928
Subjects:

MARC

LEADER 00000cam a2200000 a 4500
001 vtls008395763
003 SK-MaSNL
005 20260302014957.0
008 180812s1928 xo ac grhn 000 0bslo
015 |a SNBA19191938-010795 
020 |q (viaz.) 
035 |a SK01SNKBSKHR20010087980 
035 |a SKM000090443 
040 |a SNK  |b slo  |c SNK  |e AACR2 
041 0 |a slo 
044 |a xo  |c SK 
072 7 |a 32  |x Politika  |2 konspekt 
072 7 |a 929  |x Biografie  |2 konspekt 
080 |a 32-051  |2 2011 
080 |a 34-051  |2 2011 
080 |a 82-051  |2 2011 
080 |a 929-058.1  |2 2011 
080 |a 172.15(=16)  |2 2011 
080 |a 929(092)  |2 2011 
100 1 |a Sekey, Michal,  |d 1886-1965  |4 aut  |9 192242 
245 1 0 |a Životopis A.I. Dobrianskeho  |c napísal Michal Sekey 
260 |a V Michalovciach  |b Oslavný výbor  |c 1928 
300 |a 92 strán  |b ilustrácie, portréty  |c 20 cm 
504 |a Obsahuje bibliografické odkazy 
600 1 7 |a Dobriansky, Adolf I.,  |d 1817-1901  |2 SNKMA  |9 142221 
650 0 7 |a politici  |2 SNKPH  |9 2679 
650 0 7 |a osobnosti  |2 SNKPH  |9 29820 
650 0 7 |a právnici  |2 SNKPH  |9 2687 
650 0 7 |a spisovatelia  |2 SNKPH  |9 4982 
650 0 7 |a slavianofilstvo  |2 SNKPH  |9 83098 
655 7 |a biografie  |2 SNKPH  |9 27965 
752 |a Slovensko  |d Michalovce 
852 |a Slovenská národná knižnica 
954 |a odborná, vedecká literatúra pôvodná (slovenská)  |2 lita 
958 |a NB 
958 |a OND 
958 |a BX 
999 |c 1019137  |d 1021067 
952 |a SNK  |b SNK  |y PREZ  |7 0  |p 17A0546908  |o snkSC 900  |i snk680/37  |3 rekatalogizácia  |0 0  |1 0  |4 0  |d 2007-04-13  |f 1  |l 0  |r 2025-06-04 00:00:00  |w 2026-02-24